书目信息 |
| 题名: |
从白带到绿带
|
|
| 作者: | 王双忠 编著 | |
| 分册: | 入门卷 | |
| 出版信息: | 北京 北京体育大学出版社 2002 |
|
| 页数: | 276页 | |
| 开本: | 21cm | |
| 丛书名: | ||
| 单 册: | ||
| 中图分类: | G886.9 | |
| 科图分类: | ||
| 主题词: | 跆拳道--教材 , CT--S902521--跆拳道 | |
| 电子资源: | ||
| ISBN: | 7-81051-822-4 | |
| 000 | 00918nam0 2200265 45 | |
| 001 | 002180129 | |
| 005 | 20031219104108.3 | |
| 010 | @a7-81051-822-4@dCNY18.00 | |
| 100 | @a20021028d2002 em y0chiy0110 ea | |
| 101 | 0 | @achi |
| 102 | @aCN@b110000 | |
| 105 | @aa z 000yy | |
| 106 | @ar | |
| 200 | 1 | @a从白带到绿带@9cong bai dai dao lv dai@e道馆式跆拳道@i入门卷@f王双忠编著 |
| 210 | @a北京@c北京体育大学出版社@d2002 | |
| 215 | @a276页@c图@d21cm | |
| 300 | @a跆拳道道馆考级参考教材 | |
| 330 | @a跆拳道白、黄、绿、红、黑的色带,代表不同的修炼阶段,每条色带对应不同的技术动作、战术能力,本书介绍的是道馆式跆拳道从白带到绿带的练习方法及威力展示。 | |
| 517 | 1 | @a道馆式跆拳道@9dao guan shi tai quan dao@i入门卷 |
| 606 | 0 | @a跆拳道@j教材 |
| 606 | 0 | @2CT@3S902521@a跆拳道 |
| 690 | @aG886.9@v4 | |
| 701 | 0 | @a王双忠@9wang shuang zhong@4编著 |
| 801 | @aCN@bTSTC@c20030402 | |
| 905 | @b321838-842@dG886.9@e15:1@f5 | |
| 从白带到绿带:道馆式跆拳道.入门卷/王双忠编著.-北京:北京体育大学出版社,2002 |
| 276页:图;21cm |
| 跆拳道道馆考级参考教材 |
| ISBN 7-81051-822-4:CNY18.00 |
| 跆拳道白、黄、绿、红、黑的色带,代表不同的修炼阶段,每条色带对应不同的技术动作、战术能力,本书介绍的是道馆式跆拳道从白带到绿带的练习方法及威力展示。 |
| ● |
| 相关链接 |
|
|
|
|
正题名:从白带到绿带
索取号:G886.9/15:1
 
预约/预借
| 序号 | 登录号 | 条形码 | 馆藏地/架位号 | 状态 | 备注 |
| 1 | 0321838 | 203218384 | 第四借阅区/ [索取号:G886.9/15:1] | 在馆 | |
| 2 | 0321839 | 203218393 | 第四借阅区/ [索取号:G886.9/15:1] | 在馆 | |
| 3 | 0321840 | 203218400 | 第四借阅区/ [索取号:G886.9/15:1] | 在馆 | |
| 4 | 0321841 | 203218419 | 第四借阅区/ [索取号:G886.9/15:1] | 在馆 | |
| 5 | 0321842 | 203218428 | 第一样本阅览室/ [索取号:G886.9/15:1] | 在馆 | |
| 6 | 0332323 | 203323233 | 第四借阅区/ [索取号:G886.9/15:1] | 在馆 | |
| 7 | 0332324 | 203323242 | 第四借阅区/ [索取号:G886.9/15:1] | 在馆 | |
| 8 | 0332325 | 203323251 | 第四借阅区/ [索取号:G886.9/15:1] | 在馆 | |
| 9 | 0332326 | 203323260 | 第四借阅区/ [索取号:G886.9/15:1] | 在馆 | |
| 10 | 0332327 | 203323279 | 第四借阅区/ [索取号:G886.9/15:1] | 在馆 |